• 首页
  • 本馆介绍
  • 公告通知
  • 最新文献
  • 馆藏检索
  • 电子资源
  • 读者导购
  • 参考咨询
  • 我的图书馆
  • 登录
  • 详细信息显示
  • 放入我的书架
  • 预约/预借图书
  • 作者相关作品
  • 分类相关作品
  • 丛书相关作品
  • 出版社相关作品

书目信息

  • 表格格式
  • 工作单格式
  • 卡片格式
题名:
中等专业学校化学教学大纲
    
 
作者: ;教育部 制订
分册:  
出版信息: 北京   人民教育出版社  1979
页数: 10页
开本: 19cm
丛书名:
单 册:
中图分类: O6-41
科图分类:
主题词: 化学-教学大纲--专业学校 , 教学大纲-化学--专业学校
电子资源:
ISBN:
000 00699nam0 2200241 45
001 0179004151
005 20070803094614.43
010    @dCNY0.05
091    @aCN@b7012.081
100    @a19950717d1979 em y0chiy0121 ea
101 0  @achi
102    @aCN@b110000
105    @ay z 000yy
200 10 @a中等专业学校化学教学大纲@Azhong deng zhuan ye xue xiao hua xuejiao xue da gang@e试行草案@f教育部制订
210    @a北京@c人民教育出版社@d1979
215    @a10页@d19cm
300    @a工科非化工专业通用
606    @a化学-教学大纲@x专业学校
606    @a教学大纲-化学@x专业学校
690    @aO6-41@v3
711 02 @a教育部@Ajiao yu bu@4制订
801  0 @aCN@bTSSF@c20070803
905    @a10447@dO6-41@e396
    
    中等专业学校化学教学大纲:试行草案/教育部制订.-北京:人民教育出版社,1979
    10页;19cm
    工科非化工专业通用
    
    ISBN :CNY0.05
    
●
相关链接 在E读中查询图书 在五车中查询图书 在当当中查询图书 在豆瓣中查询图书


正题名:中等专业学校化学教学大纲     索取号:O6-41/396         预约/预借

序号 登录号 条形码 馆藏地/架位号 状态 备注
1 0790586   207905864   密集书库/ [索取号:O6-41/396] 在馆    
2 0790588   207905882   密集书库/ [索取号:O6-41/396] 在馆    
3 0790591   207905917   密集书库/ [索取号:O6-41/396] 在馆    
唐山师范学院图书馆 欢迎您!
大连网信软件有限公司© 版权所有